Crossword Generator Puzzle - Statistics

General Stats
  • This quiz has been taken 22 times
  • The average score is 9 of 20
Answers on the Map
Answers color-coded by a green-red scale on the quiz's map according to % correct below.
 
Answer Stats
Word % Correct
rail
88%
card
75%
raid
75%
rain
75%
drain
63%
clad
56%
dial
56%
rind
56%
land
50%
nail
50%
arid
44%
liar
44%
clan
38%
rancid
38%
canal
25%
cardinal
19%
cranial
19%
radical
19%
aria
13%
racial
13%
No matching quizzes found
Score Distribution
Percent of People with Each Score
Percentile by Number Answered
Your Score History
You have not taken this quiz